| Поле | Название | Значение |
| |
Тип записи |
a |
| |
Библиографический уровень |
a |
| 001 |
Контрольный номер |
RU/CBS_UL/BASE/9d4ceabff9c249b5be8ebf1ba2db083b |
| 005 |
Дата корректировки |
20250124010519.2 |
| 100 |
Данные общей обработки |
__ |
| a |
Данные общей обработки |
20240227 ||| 0rusy0189 ca |
| 101 |
Язык документа |
0_ |
| a |
Язык текста |
rus |
| 102 |
Страна публикации |
__ |
| a |
Страна публикации |
RU |
| 200 |
Заглавие и сведения об ответственности |
1_ |
| a |
Заглавие |
Через тернии к лавру |
| e |
Сведения, относящиеся к заглавию |
[Евгений Водолазкин - автор гуманный по отношению к читателю] |
| f |
Первые сведения об ответственности |
И. Родионов |
| 300 |
Общие примечания |
__ |
| a |
Общие примечания |
12+ |
| 461 |
Уровень набора |
_0 |
| 1 |
|
2000 |
| a |
|
Литературная газета |
| 463 |
Уровень физической единицы |
_0 |
| 1 |
|
2000 |
| a |
|
№ 7 (21-27 февр.) |
| v |
|
С. 1 ; 20 |
| 1 |
|
2101 |
| d |
|
2024 |
| 1 |
|
001RU/CBS_UL/BASE/13df838c1afd4e768165e92e90a54706 |
| 600 |
Персоналии |
_1 |
| a |
Персоналии (Фамилия) |
Водолазкин |
| b |
Персоналии (Имя, инициалы) |
Е.Г. |
| 606 |
Тематические рубрики |
0_ |
| a |
Основная рубрика |
Водолазкин, Евгений Германович (1964) |
| 610 |
Ключевые слова |
0_ |
| a |
Ключевые слова |
российские писатели |
| 610 |
Ключевые слова |
0_ |
| a |
Ключевые слова |
писатели |
| 610 |
Ключевые слова |
0_ |
| a |
Ключевые слова |
литературоведение |
| 610 |
Ключевые слова |
0_ |
| a |
Ключевые слова |
прозаики |
| 686 |
Индексы других классификаций |
__ |
| a |
Классификационный индекс |
83.3(2Рос=Рус)6 |
| 700 |
Автор |
_1 |
| a |
Фамилия |
Родионов |
| b |
Имя (инициалы) |
И. |
| 801 |
Источник записи |
_0 |
| a |
Страна |
RU |
| b |
Организация |
МБУК ЦБС г. Ульяновска |
| c |
Дата составления |
20240227 |
| g |
Правила каталогизации |
RCR |
| 801 |
Источник записи |
_1 |
| a |
Страна |
RU |
| b |
Организация |
МБУК ЦБС г. Ульяновска |
| c |
Дата составления |
20240227 |
| g |
Правила каталогизации |
RCR |
| 901 |
Тип документа |
__ |
| t |
Тип документа |
f |
| w |
Контрольный № источника |
RU/CBS_UL/BASE/13df838c1afd4e768165e92e90a54706 |
| 909 |
Создатель записи |
__ |
| a |
Создатель записи |
mbo |